000 00665nam a2200241Ia 4500
003 OSt
005 20220927105500.0
006 a|||||r|||| 00| 0
007 ta
008 220926b |||||||| |||| 00| 0 eng d
024 _a172791
037 _cReference Collections
040 _aRTL
_cRTL
_beng
041 _2eng
_aeng
082 _a"V2,31p. N86, M6.139-7"
110 _aRajya sabha.
_9372850
245 0 _aOfficial report.
260 _aNew
_bDelhi Rajya sabha secretariat.
_c1986
300 _a296p.
_ccm.
700 _aRajya sabha.
_9372851
942 _h"V2,31p. N86, M6.139-7"
_cCC
999 _c692788
_d692788